Sweet Heroine - Yungblud (Lyrics) - Statistiques

Statistiques générales
  • Ce quiz a été pris 32 fois
  • Le résultat moyen est 144 sur 269
Statistiques - réponses
Réponse % Correct
heroin
95%
Sweet
95%
sweet
95%
I
81%
you
81%
a
76%
me
76%
in
71%
In
71%
of
71%
are
67%
Is
67%
is
67%
Then
67%
who
67%
like
62%
Like
62%
love
62%
my
62%
the
62%
about
57%
But
57%
fall
57%
it
57%
See
57%
think
57%
days
52%
need
52%
reminds
52%
someone
52%
Someone
52%
these
52%
thing
52%
to
52%
medicine
48%
ring
48%
they
48%
They
48%
won't
48%
'bout
43%
control
43%
diamond
43%
know
43%
meet
43%
opinion
43%
popular
43%
things
43%
veins
43%
back
38%
call
38%
desert
38%
got
38%
hurt
38%
Pulsin'
38%
really
38%
something
38%
throat
38%
through
38%
up
38%
ain't
33%
And
33%
and
33%
myself
33%
say
33%
store
33%
vintage
33%
buyin'
29%
I'm
29%
sin
29%
tear
29%
That's
29%
Thinkin'
29%
you're
29%
again
24%
apathetic
24%
father
24%
Give
24%
intervals
24%
mum
24%
one
24%
seems
24%
twisted
24%
what
24%
admit
19%
burns
19%
by
19%
cry
19%
everything
19%
hurts
19%
must
19%
Okay
19%
Saw
19%
time
19%
Learnin'
14%
seams
14%
sew
14%
Yeah
10%
Sayin'
5%
Aucun quiz correspondant
Distribution des résultats
% des personnes avec chaque résultat
Percentile par nombre de réponses
Votre historique - résultats
Vous n’avez pas pris ce quiz